000 00777cam a2200241 4500500
005 20260329005604.0
041 _afre
042 _adc
100 1 0 _aEnjalbert, Cédric
_eauthor
700 1 0 _ade Oliveira, Victorine
_eauthor
700 1 0 _aNicolas, Ariane
_eauthor
245 0 0 _a“Qu’est-ce qui vous met de bonne humeur ?” Les réponses des philosophes
260 _c2024.
500 _a48
690 _aÉric Fiat
690 _aHumeur
690 _aIlaria Gaspari
690 _aLaurence Devillairs
690 _aNatalie Depraz
690 _aSlavoj Žižek
786 0 _nPhilosophie magazine | 178 | 4 | 2024-04-01 | p. 25-26 | 1951-1787
856 4 1 _uhttps://shs.cairn.info/magazine-philosophie-magazine-2024-4-page-25?lang=fr&redirect-ssocas=7080
999 _c1844776
_d1844776